Score 0/22 Timer 02:00
2 Plays Today
Clue 4-Letter Word % Correct
Take up all available spaceFILL
89.3%
✌ Smith, Arnett, or Ferrell, e.g. ✌WILL
89.3%
✌ ___ Out Boy ('Thnks fr th Mmrs') ✌FALL
87.5%
Rank and ____ (common folk)FILE
82.9%
What Olaf does in summerMELT
80.7%
Type of milk shakeMALT
79.2%
Provoke, annoyRILE
77.1%
Oil shaftWELL
76.6%
West African countryMALI
76.4%
Yahtzee actionROLL
75.7%
Poker player's actionCALL
75.3%
Clue 4-Letter Word % Correct
La La Land's state, for shortCALI
75.2%
✌ Excel or biological unit ✌CELL
73.9%
Tiny riverRILL
73.3%
✌ Spinning tea cups, e.g. ✌RIDE
73.1%
Assigned dutyROLE
71.3%
Greet's partnerMEET
68.8%
Running requirementFEET
65.8%
Worry about a guitar part?FRET
64.9%
UncouthRUDE
63.8%
Gag ___RULE
57.6%
✌ Common Bond ✌FREE
33.1%

Today's Daily Dose

Remove Ads.
Support Sporcle.
Get the best of Sporcle when you Go Orange. This ad-free experience offers more features, more stats, and more fun while also helping to support Sporcle. Thank you for becoming a member.

You're not logged in!

Compare scores with friends on all Sporcle quizzes.
OR
Log In

Show Comments

Extras

Top Quizzes Today


Score Distribution

Your Account Isn't Verified!

In order to create a playlist on Sporcle, you need to verify the email address you used during registration. Go to your Sporcle Settings to finish the process.

Report this User

Report this user for behavior that violates our Community Guidelines.

Details: